| 000 | 00726nam a22002417a 4500 | ||
|---|---|---|---|
| 005 | 20170124110240.0 | ||
| 010 | _aA-232560 | ||
| 020 |
_c00.00 _a9780600385653 |
||
| 035 | _aA-232560 | ||
| 037 | _bCen Lib/Ret | ||
| 040 |
_aDPL _bEN |
||
| 082 |
_a759.9492 _bHAM |
||
| 100 |
_aHammacher, A.M. _994491 |
||
| 245 |
_aVan Gogh : _cby A.M. Hammacher _b48 plates in full colour / |
||
| 246 | _b | ||
| 260 |
_aLondon _bHamlyn Publishing Group _c1984 |
||
| 270 | _bLondon | ||
| 300 |
_a48p. : _c27cm(Hb) _bill. |
||
| 490 | _aThe Colour Library of art | ||
| 650 |
_aGogh, Vincent van, -- 1853-1890. _994492 |
||
| 650 |
_aPainters -- Netherlands -- Biography. _994493 |
||
| 942 |
_2ddc _cEN _h759.9492 _mHAM |
||
| 999 |
_c135118 _d135118 |
||